000 01044nam a22002177a 4500
999 _c19032
_d19032
005 20251125232912.0
008 s2545 th tha d
020 _a9747509776
040 _aNALT
041 _atha
090 _aKE141
_bค121อ 2545
245 1 0 _aองค์กรอิสระตามรัฐธรรมนูญและองค์กรส่งเสริมการเมืองภาคพลเมือง
260 3 _aกรุงเทพฯ :
_bสำนักงานคณะกรรมการการเลือกตั้ง,
_c2545
300 _a122 หน้า ;
_b30 ซม.
650 0 4 _aองค์กรส่งเสริมการเลือกตั้งภาคพลเมือง -- รัฐธรรมนูญ -- ไทย -- 2540
650 0 4 _aองค์กรอิสระ -- รัฐธรรมนูญ -- ไทย -- 2540
850 _aNALT
856 4 0 _uhttps://hdl.handle.net/20.500.14156/302616
_71
942 _cLB
_2lcc